000 00446nam a2200169 i 4500
001 bg
100 1 _aBARBARINA, T. M.
245 0 _aSteklovoloknistye stroitelnye materialy /
_cT.M. Barbarina, M.P. Suchov, N.A. Seludjakov.
260 _aMoskva,
_c1968.
700 1 _aSUCHOV, M P.
700 1 _aSELUDJAKOV, N. A.
040 _cBPK
041 _apol
080 _a691.6:666.189.2
942 _cKS
008 s pl f |000 0 pol
999 _c12160
_d12160
856 _uhttp://koha.tu.koszalin.pl/cgi-bin/koha/opac-detail.pl?biblionumber=12160
_yKatalog online BPK